000 00279nam a2200121Ia 4500
008 241002s9999 xx 000 0 und d
082 _a954.91 DIL
100 _aDil, Anwar S.
245 0 _aPerspectives on Pakistan
260 _aLahore:
_c1965
600 _aHistory
942 _cUC
999 _c18379
_d18379